Elliott and others v Safeway Stores plc and others (Record no. 3929)
[ view plain ]
| 000 -LEADER | |
|---|---|
| fixed length control field | 01442cab a2200241 4500 |
| 001 - CONTROL NUMBER | |
| control field | ABS53781 |
| 008 - FIXED-LENGTH DATA ELEMENTS--GENERAL INFORMATION | |
| fixed length control field | 090401t1995 xxu||||| |||| 00| 0 eng d |
| 035 ## - SYSTEM CONTROL NUMBER | |
| System control number | (Sirsi) u6570 |
| 041 ## - LANGUAGE CODE | |
| Language code of text/sound track or separate title | eng |
| 245 ## - TITLE STATEMENT | |
| Title | Elliott and others v Safeway Stores plc and others |
| 260 ## - PUBLICATION, DISTRIBUTION, ETC. | |
| Date of publication, distribution, etc. | 1995 |
| 350 ## - PRICE (NR) (BK AM CF MU VM SE) [OBSOLETE] | |
| Price | 0 |
| 490 ## - SERIES STATEMENT | |
| Series statement | Weekly Law Reports |
| Volume/sequential designation | (1995) 35 WLR 1396-1404(9) |
| 520 ## - SUMMARY, ETC. | |
| Summary, etc. | ChD 14 June 1995. In 1957 the plaintiffs (E) sold land to a local authority, with a restrictive covenant that there would be no use for business comprising the sale or purchase of fuel and lubricants for mechanically propelled vehicles. In 1965 the land was sold to a company which subsequently sold off a portion to owners of adjoining land. This was then sold (excluding the portion of subject land) to the defendants (S) for a food and household supermarket development. In 1995 S sought to purchase the portion of subject land for access to a proposed petrol filling station to be built on the land that they owned. E declared that this would breach the restrictive covenant. Held, refusing the declaration; the land acting as access to facilitate the fuel selling business did not breach the covenant. |
| 650 ## - SUBJECT ADDED ENTRY--TOPICAL TERM | |
| Topical term or geographic name entry element | ACCESS |
| 650 ## - SUBJECT ADDED ENTRY--TOPICAL TERM | |
| Topical term or geographic name entry element | BURDENED LAND |
| 650 ## - SUBJECT ADDED ENTRY--TOPICAL TERM | |
| Topical term or geographic name entry element | ELLIOTT AND OTHERS V SAFEWAY STORES PLC AND OTHERS |
| 650 ## - SUBJECT ADDED ENTRY--TOPICAL TERM | |
| Topical term or geographic name entry element | PETROL FILLING STATIONS |
| 650 ## - SUBJECT ADDED ENTRY--TOPICAL TERM | |
| Topical term or geographic name entry element | RESTRICTIVE COVENANTS |
| 690 ## - LOCAL SUBJECT ADDED ENTRY--TOPICAL TERM (OCLC, RLIN) | |
| Topical term or geographic name as entry element | LAND-CASE LAW |
| 942 ## - ADDED ENTRY ELEMENTS (KOHA) | |
| Suppress in OPAC | 0 |
| 948 ## - LOCAL PROCESSING INFORMATION (OCLC); SERIES PART DESIGNATOR (RLIN) | |
| c (OCLC) | 04/03/1997 |
| Withdrawn status | Lost status | Source of classification or shelving scheme | Damaged status | Not for loan | Home library | Current library | Shelving location | Date acquired | Total Checkouts | Full call number | Barcode | Date last seen | Copy number | Price effective from | Koha item type |
|---|---|---|---|---|---|---|---|---|---|---|---|---|---|---|---|
| Dewey Decimal Classification | London | London | Journal article | 14/09/1999 | ABS53781 | 6570-1001 | 06/08/2019 | 1 | 06/08/2019 | Law report |